MDQL
is popping MORE tags! Check the
thread
!
Quizzes
Events
Quiz Creation
Community
Videos
Private Events
Remove Ads
Sign In
Join for FREE
Feedback
Dark Mode
Quiz Categories
Sports
Geography
Music
Movies
Television
Just For Fun
Miscellaneous
History
Literature
Language
Science
Gaming
Entertainment
Religion
Holiday
For Kids
Quiz Lab
Recent
Popular Today
Quiz Kudos Today
Editor Picks
Curator Picks
Quizzes by...
Day
Popularity
Type
Ratings
Length
Year
Community
Subscriptions
Recent Discussions
Orange Saloon
Badges
Playlists
Quests
Create
Leaderboards
Showdown
Live 5
Trivia Bingo
Activity
Puzzle Library
Sporcle Events
Private Events
Virtual Trivia
Globe League
Become a Host
Pub Owners
SporcleCon
Opinionation
Our Games
Videos
Blog
Mobile Apps
Partnerships
Remove Ads and Go Orange
Feedback
Sports
Athletes
MLB
NBA
NHL
NFL
Soccer
Sports Teams
WWE
NCAA
Football
Premier League
Basketball
Baseball
Hockey
Golf
Tennis
Cricket
Rugby
Auto Racing
Olympics
World Cup
Sports
Athletes
MLB
NBA
NHL
NFL
Soccer
Sports Teams
WWE
NCAA
Football
Premier League
Basketball
Baseball
Hockey
Golf
Tennis
Cricket
Rugby
Auto Racing
Olympics
World Cup
Random Quiz
Search Sporcle
×
Quiz Lab
Quiz Lab
Sports
NBA
Type in answers that appear in a list
Type in answers that appear in a list
Classic
Best Score? Go Orange.
Best 3-Point Shooters on Every Team Stats
Can you name the Best 3-Point Shooters on Every Team?
By
justjerry20027
10m
30 Questions
92 Plays
92 Plays
92 Plays
Comments
Comments
Give Quiz Kudos
Give Quiz Kudos
-
- Ratings
hide this ad
Replay
Link that replays current quiz
Next Quiz
Link to next quiz in quiz playlist
You Got
0%
They Got
Avg Score
46%
Avg Friend Score
Upgrade to see
Score Distribution
Jump to the score distribution portion of the page
Score
0/30
Timer
10:00
0
Plays Today
Hint
Answer
% Correct
Cleveland Cavaliers
Kyle Korver
84.8%
Golden State Warriors
Stephen Curry
83.7%
Dallas Mavericks
Seth Curry
80.4%
Charlotte Hornets
Kemba Walker
65.2%
Houston Rockets
Eric Gordon
60.9%
Los Angeles Clippers
J.J. Redick
60.9%
Toronto Raptors
Kyle Lowry
58.7%
Memphis Grizzlies
Mike Conley
57.6%
Boston Celtics
Avery Bradley
56.5%
Phoenix Suns
Devin Booker
55.4%
Miami Heat
Goran Dragic
52.2%
Los Angeles Lakers
Nick Young
50%
Oklahoma City Thunder
Victor Oladipo
48.9%
Milwaukee Bucks
Khris Middleton
47.8%
Portland Trail Blazers
C.J. McCollum
47.8%
Hint
Answer
% Correct
San Antonio Spurs
Patty Mills
47.8%
Minnesota Timberwolves
Zach LaVine
45.7%
Washington Wizards
Otto Porter
42.4%
Denver Nuggets
Gary Harris
40.2%
Chicago Bulls
Nikola Mirotic
37%
Orlando Magic
Evan Fournier
34.8%
New York Knicks
Courtney Lee
32.6%
Sacramento Kings
Buddy Hield
32.6%
Detroit Pistons
Ketavious Caldwell-Pope
31.5%
Utah Jazz
Joe Ingles
31.5%
Brooklyn Nets
Brook Lopez
29.3%
Indiana Pacers
C.J. Miles
25%
Philadelphia 76ers
Nik Stauskas
18.5%
New Orleans Pelicans
Jordan Crawford
14.1%
Atlanta Hawks
Mike Dunleavy
13%
Quiz Playlist
Details
Report
Send in Message
Add To Playlist
Classic:
Type in answers that appear in a list
Last Updated: May 20, 2017
Quiz Scoreboard
CHALLENGE
Sign Up to Join the Scoreboard
Show All
Scores
Hide
Comments
May contain spoilers
Recently Published
5x2 Blitz: Bands
by SL_Kpop136
Music
30s
Colored Red Africa Blitz
by spor1
Geography
30s
Find the 'City' Movie
by crazypaving
Movies
60s
More to Explore
Quiz From the Vault
Featured Blog Post
14 Easter Pick-up Lines to Find Eggs With
hide this ad
You Might Also Like...
Tags
NBA Quiz
Today's Top Quizzes in Sports
Browse Sports
hide this ad
Today's Top Quizzes in NBA
Browse NBA
Top Contributed Quizzes in Sports
1
Players with Multiple 50 Home Run Seasons
2
Les entraîneurs de l'OM et du PSG au 21e siècle
3
Criteria MLB: Left Handed Sluggers
4
2022 World Cup Stars
5
Les meilleurs buteurs des matchs entre le PSG et l’OM
6
Who Hit More Homers?
7
Les joueurs passés par le PSG et l'OM
8
NBA Logic Puzzle 2.0
9
Top 10 NHL Goal Scorers of All Time
10
MLB Players with Two .350 Batting Average Seasons
Explore More
Trending Topics
NBA
Disney
Crossword
Kpop
Anime
Marvel
Harry Potter
Song
The Office
Soccer
NFL
WWE
Pokémon
Country
Puzzle
hide this ad
More By:
justjerry20027
Quiz
Plays
Rating
Category
Featured
Created
Best 3-Point Shooters on Every Team
92
1.00
Sports
May 20, 2017
Go to Creator's Profile
Score Distribution
Quiz Creator Spotlight
justjerry20027
Follow
Send a Message
Quizzes Created
-
Created Quiz Play Count
-
More By This Creator
Popular Quizzes Today
1
Colored Red Africa Blitz
2
Find the 'City' Movie
3
Find the US States - No Outlines Minefield
4
5x2 Blitz: Bands
5
The Countries of the World
6
Find the US States
7
US States
8
9x9 Crossword: Cartoon Network
More Sports Quizzes
Seven Stars: Miami Dolphins Name Match Blitz
Curator's Pick
Trending Quizzes
Colored Red Europe Blitz I
Colored Red Europe Blitz II
Colored Red Africa Blitz II
Colored Red Europe Blitz III
Colored Red Africa Blitz III
Recently Updated
How Do You Spell That?
pecheneg
Godzilla Movies
pecheneg
Grab Bag: 4-10 Letters
pecheneg
2024 March Madness Bracket
pecheneg
Famous TV Couples
Peacemaker
Champions League XIs: Real Madrid
pecheneg
Largest US Cities 1790-2010
pecheneg
Rides in Walt Disney World
pecheneg
Most Oscar Losses (Acting)
pecheneg
Beyoncé Albums
pecheneg
Trending Topics
Marvel
Kpop
Harry Potter
Anime
Crossword
Disney
NBA
Song
WWE
Country
Pokémon
NFL
Puzzle
Soccer
The Office
Your Account Isn't Verified!
In order to create a playlist on Sporcle, you need to verify the email address you used during registration. Go to your
Sporcle Settings
to finish the process.
Report this User
Report this user for behavior that violates our
Community Guidelines
.
Details:
Send Report
Go to the Sporcle.com Mobile Site →
Comments